Allgemeinwissen-Quiz #61 - Statistiken

Allgemein
  • Dieses Quiz wurde 65 mal gespielt
  • Das Durchschnittsergebnis liegt bei 13 aus 20
Antwortstatistiken
Frage Antwort % Korrekt
Was ist der Siedepunkt von Wasser? 100°C
96%
Auf welchem Bild sehen wir ein "Beef Wellington"?
94%
Welches Filmplakat gehört zum Film "Der Zauberer von Oz"?
88%
Wie hoch ist der Mount Everest? 8’849 m
88%
Welche Zahlen befinden sich bei einem handelsüblichen Taschenrechner oberhalb und unterhalb der Zahl 5? 8 & 2
79%
Wie viele Meter schwimmt man insgesamt, wenn man 8 Längen in einem olympia-genormten Schwimmbecken zurücklegt? 400 m
75%
Wie hiess der heutige Staat Simbabwe vor seiner Unabhängigkeit im Jahr 1980? Rhodesien
75%
Welche Kurzbeschreibung passt am besten zur Videospielreihe "Anno"? Eine wirtschaftsbasierte Aufbaustrategie-Reihe mit historischem Setting
73%
Was für ein Getränk ist "Berliner Luft"? Ein klarer Pfefferminzlikör
71%
Welches Bild zeigt "Greedo"?
65%
In welchem Land wurde die Sängerin Rihanna geboren – und welche Flagge gehört dazu?
63%
Welcher Planet ist als Abendstern bekannt? Venus
63%
Für welche Sportart ist Remco Evenepoel bekannt? Radsport
52%
Wie lautet die Hauptstadt von Armenien? Jerewan
50%
Wer wurde zuerst geboren? Sokrates
46%
Wie nennt man in der Musik ein Intervall von 12 Halbtonschritten? Reine Oktave
44%
Wie lautet die Binärdarstellung der Dezimalzahl 11? 1011
40%
Von welcher Band bzw. welchem Künstler stammt der Hit "Too Sweet"? Hozier
38%
Nur ca. 70% aller Schlangenarten ... ? legen Eier
37%
Für welchen Verein spielte Stéphane Chapuisat nicht? OSC Lille
21%
Keine übereinstimmenden Quizze gefunden
Verteilung der Resultate
Anzahl Personen mit jedem Resultat
Perzentil nach korrekt beantworteten Fragen
Ihre Resultats-Entwicklung
Sie haben dieses Quiz noch nicht gespielt